000
00325nam a22001457a 4500
003
OSt
005
20211223101245.0
008
211223b |||||||| |||| 00| 0 eng d
020
_a
9789380444437
040
_c
HU
082
_a
004.6 DUB2010
100
_a
Dubey
_9
24558
245
_a
Mobile Computing
942
_2
ddc
_c
BOOKS
_n
0
999
_c
23665
_d
23665